Statistics for 100 Greatest Actors

Click here to take the quiz!

General Stats

  • This quiz has been taken 245 times
  • The average score is 6 of 100

Answer Stats

LifespanActor% Correct
1956-presentTom Hanks
55%
1952-presentFred Newman
26%
1970-presentMatt Damon
21%
1940-presentPatrick Stewart
21%
1968-presentHugh Jackman
18%
1961-presentMichael J. Fox
16%
1966-presentAdam Sandler
14%
1962-presentJim Carrey
14%
1955-presentBruce Willis
13%
1970-presentJason Lee
13%
1946-presentSylvester Stallone
13%
1944-presentFrank Oz
12%
1965-presentKevin James
12%
1945-presentSteve Martin
12%
1965-presentBen Stiller
11%
1956-presentMel Gibson
11%
1951-presentMichael Keaton
11%
1961-presentEddie Murphy
10%
1952-presentJohn Goodman
10%
1954-presentJohn Travolta
10%
1959-presentKevin Spacey
10%
1950-presentBill Murray
9%
1965-presentChris Rock
9%
1944-presentDanny DeVito
9%
1968-presentOwen Wilson
9%
1953-presentTim Allen
9%
1935-presentWoody Allen
9%
1983-presentJonah Hill
7%
1967-presentWill Ferrell
7%
1958-presentAlec Baldwin
6%
1948-presentBilly Crystal
6%
1965-presentMartin Lawrence
6%
1962-presentSteve Carell
6%
1903-2003Bob Hope
5%
1959-presentDavid Hyde Pierce
5%
1962-presentMatthew Broderick
5%
1963-presentMike Myers
5%
1964-presentDavid Spade
4%
1969-presentJack Black
4%
1969-presentJason Bateman
4%
1982-presentSeth Rogen
4%
1947-presentAlbert Brooks
3%
1960-presentAntonio Banderas
3%
1978-presentAshton Kutcher
3%
1944-presentCraig T. Nelson
3%
1952-presentDan Aykroyd
3%
1964-presentDavid Cross
3%
1966-presentDavid Schwimmer
3%
1929-presentEd Asner
3%
1959-presentHugh Laurie
3%
1947-presentJames Woods
3%
1934-2012Jerry Nelson
3%
1947-presentKevin Kline
3%
1950-presentMartin Short
3%
1937-presentNed Beatty
3%
1956-presentRichard Kind
3%
1971-presentSacha Baron Cohen
3%
1931-presentWilliam Shatner
3%
1960-presentBrad Garrett
2%
1946-presentEd O'Neill
2%
1946-presentFrank Welker
2%
1964-presentHank Azaria
2%
1928-2002James Coburn
2%
1983-presentJesse Eisenberg
2%
1965-presentJohn C. Reilly
2%
1964-presentJohn Leguizamo
2%
1945-presentJohn Lithgow
2%
1947-presentJohn Ratzenberger
2%
1952-2003John Ritter
2%
1978-presentJustin Long
2%
1955-presentKelsey Grammer
2%
1952-2003Michael Jeter
2%
1964-presentPatrick Warburton
2%
1957-presentRay Romano
2%
1944-2018R. Lee Ermey
2%
1957-presentSteve Buscemi
2%
1974-presentTy Olsson
2%
1943-presentWallace Shawn
2%
1940-presentAustin Pendleton
1%
1978-presentBill Hader
1%
1950-presentBill Irwin
1%
1936-presentBrian Blessed
1%
1964-presentCedric the Entertainer
1%
1946-presentCheech Marin
1%
1963-presentDave Foley
1%
1957-presentDenis Leary
1%
1946-presentEugene Levy
1%
1940-presentJames Cromwell
1%
1980-presentJason Segel
1%
1944-presentJeffrey Tambor
1%
1952-presentJim Cummings
1%
1925-2005John Fiedler
1%
1981-presentJosh Gad
1%
1960-presentKevin Clash
1%
1963-presentLarry the Cable Guy
1%
1967-presentPeter Linz
1%
1946-presentTim Curry
1%
1960-presentTony Goldwyn
1%
1967-presentTy Burrell
1%
1955-presentWayne Knight
1%

Score Distribution

Percentile by Number Answered

Percent of People with Each Score

Your Score History

You have not taken this quiz